Dictionary of rubber (Record no. 26809)

MARC details
000 -LEADER
fixed length control field 00270nam a2200109Ia 4500
082 ## - DEWEY DECIMAL CLASSIFICATION NUMBER
Classification number NR:62(038)
Item number HEI
100 ## - MAIN ENTRY--AUTHOR NAME
Personal name Heinisch, K F
245 #0 - TITLE STATEMENT
Title Dictionary of rubber
260 ## - PUBLICATION, DISTRIBUTION, ETC. (IMPRINT)
Place of publication New York
Name of publisher John Wiley
Year of publication 1974
942 ## - ADDED ENTRY ELEMENTS (KOHA)
Koha item type Reference
Holdings
Withdrawn status Lost status Damaged status Not for loan Home library Current library Date acquired Cost, normal purchase price Full call number Accession Number Koha item type
        RRII Library RRII Library 16/12/2021 4.70 NR:62(038) HEI 07440 Books